Radim Jančura: "Verte svojmu snu a tvrdo pracujte na jeho splnení."
Rozhovor s českým podnikateľom a majiteľom spoločnosti STUDENT AGENCY, Radimom Jančurom.
Salvato in:
| Autore principale: | |
|---|---|
| Altri autori: | |
| Natura: | Capitolo di libro |
| Lingua: | slovacco |
| Soggetti: | |
| Tags: |
Nessun Tag, puoi essere il primo ad aggiungerne!!
|
MARC
| LEADER | 00000naa a2200000 4500 | ||
|---|---|---|---|
| 001 | 0200319 | ||
| 005 | 20230912114617.0 | ||
| 041 | 0 | |a slo | |
| 044 | |a SK | ||
| 245 | 1 | 0 | |a Radim Jančura: "Verte svojmu snu a tvrdo pracujte na jeho splnení." |c Kamila Ševčíková, Radim Jančura |
| 520 | |a Rozhovor s českým podnikateľom a majiteľom spoločnosti STUDENT AGENCY, Radimom Jančurom. | ||
| 610 | 2 | 0 | |a rozhovor |
| 610 | 2 | 0 | |a podnikatelia |
| 610 | 2 | 0 | |a stratégia podnikateľská |
| 610 | 2 | 0 | |a kultúra podnikania |
| 610 | 2 | 0 | |a prostredie podnikateľské |
| 610 | 2 | 0 | |a efektívnosť podnikania |
| 100 | 1 | |a Ševčíková, Kamila | |
| 700 | 1 | |a Jančura, Radim | |